[Event "Hebraica op 32nd"]
[Site "Hebraica"]
[Date "2024.02.03"]
[Round "3"]
[White "Giannelli, Ana Clara Ramon"]
[Black "Braga, Kaio Santos"]
[Result "1-0"]
[WhiteElo "1317"]
[BlackElo "1410"]
[PlyCount "85"]
[EventDate "2024.02.02"]
[EventType "swiss"]
[EventRounds "6"]
[EventCountry "BRA"]
[SourceTitle "CB07_2024"]
[SourceDate "2024.02.14"]
[SourceVersion "1"]
[SourceVersionDate "2024.02.14"]
[SourceQuality "1"]

1. d4 c5 2. c3 cxd4 3. cxd4 Nf6 4. Bf4 e6 5. Nc3 Bb4 6. a3 Ba5 7. b4 Bb6 8. e3 Nc6 9. Nf3 a6 10. Bd3 d6 11. 0-0 0-0 12. Rc1 Bc7 13. h3 Qe7 14. Re1 e5 15. Bg5 Bb6 16. Nd5 Qd8 17. Nxb6 Qxb6 18. Bxf6 gxf6 19. Nh4 Ne7 20. Qf3 d5 21. Qg3+ Kh8 22. dxe5 Rg8 23. Qf3 fxe5 24. Qxf7 Rg7 25. Qf8+ Ng8 26. Rxc8 Rxc8 27. Qxc8 e4 28. Be2 Qf6 29. Nf5 Rf7 30. Bg4 h5 31. Bxh5 Qxf5 32. Qxf5 Rxf5 33. Bg4 Rg5 34. Rc1 Rg7 35. Rc5 Nf6 36. Rc8+ Kh7 37. Bf5+ Kh6 38. Rh8+ Nh7 39. Rxh7+ Rxh7 40. Bxh7 Kxh7 41. Kf1 Kg6 42. f3 Kf5 43. f4 1-0

[Event "Hebraica op 32nd"]
[Site "Hebraica"]
[Date "2024.02.03"]
[Round "4"]
[White "Vicentini, Luis Felipe Baron"]
[Black "Giannelli, Ana Clara Ramon"]
[Result "1-0"]
[WhiteElo "1578"]
[BlackElo "1317"]
[PlyCount "71"]
[EventDate "2024.02.02"]
[EventType "swiss"]
[EventRounds "6"]
[EventCountry "BRA"]
[SourceTitle "CB07_2024"]
[SourceDate "2024.02.14"]
[SourceVersion "1"]
[SourceVersionDate "2024.02.14"]
[SourceQuality "1"]

1. e4 c5 2. Nf3 d6 3. Bb5+ Nd7 4. 0-0 a6 5. Bxd7+ Bxd7 6. Re1 Nf6 7. e5 dxe5 8. Nxe5 Be6 9. Nc3 b5 10. Qf3 Bd5 11. Nxd5 Qxd5 12. Re3 Qxf3 13. Rxf3 e6 14. b3 Be7 15. Bb2 0-0 16. d4 cxd4 17. Bxd4 Rac8 18. c4 bxc4 19. Nxc4 Rfd8 20. Bc3 Ne4 21. Ba5 Rd4 22. Bb6 Bc5 23. Bxc5 Rxc5 24. Re1 Nd2 25. Nxd2 Rxd2 26. a4 a5 27. g3 g5 28. Re4 Rc1+ 29. Kg2 Rdd1 30. Re5 f5 31. Rfe3 Rg1+ 32. Kf3 Rgf1 33. Rxe6 g4+ 34. Kf4 Rxf2+ 35. Kg5 Rxh2 36. Re8+ 1-0

[Event "Hebraica op 32nd"]
[Site "Hebraica"]
[Date "2024.02.02"]
[Round "2"]
[White "Santos, Camila Marinho Godo"]
[Black "Giannelli, Ana Clara Ramon"]
[Result "0-1"]
[WhiteElo "1518"]
[BlackElo "1317"]
[PlyCount "38"]
[EventDate "2024.02.02"]
[EventType "swiss"]
[EventRounds "6"]
[EventCountry "BRA"]
[SourceTitle "CB07_2024"]
[SourceDate "2024.02.14"]
[SourceVersion "1"]
[SourceVersionDate "2024.02.14"]
[SourceQuality "1"]

1. c4 c5 2. e4 d6 3. Nc3 Nf6 4. d3 g6 5. g3 Bg7 6. Nge2 0-0 7. Bg2 Nc6 8. a3 Bd7 9. Bf4 e5 10. Be3 Nd4 11. Nxd4 exd4 12. Bf4 dxc3 13. Bxd6 cxb2 14. Rb1 Bg4 15. f3 Bxf3 16. Qxf3 Qxd6 17. Rxb2 Nxe4 18. Rxb7 Ng5 19. Qe3 Rfe8 0-1